Provinces of Angola - Statistics

General Stats
  • This quiz has been taken 27 times
  • The average score is 12 of 18
Answer Stats
Province % Correct
Luanda
100%
Benguela
80%
Cabinda
80%
Cunene
80%
Huambo
80%
Namibe
80%
Bié
60%
Cuanza Norte
60%
Cuanza Sul
60%
Huíla
60%
Lunda Norte
60%
Lunda Sul
60%
Moxico
60%
Uíge
60%
Zaire
60%
Bengo
40%
Cuando Cubango
40%
Malanje
40%
No matching quizzes found
Score Distribution
Percent of People with Each Score
Percentile by Number Answered
Your Score History
You have not taken this quiz